Central Library OPAC University of Rajshahi

Electric circuits and wave filters / (Record no. 12865)

MARC details
000 -LEADER
fixed length control field 00814cam a22002772 4500
001 - CONTROL NUMBER
control field 12865
003 - CONTROL NUMBER IDENTIFIER
rucl marc code BD-RjUL
005 - DATE AND TIME OF LATEST TRANSACTION
control field 20211208235352.0
008 - FIXED-LENGTH DATA ELEMENTS--GENERAL INFORMATION
fixed length control field 140129r19481938enka 001 0 eng
035 ## - SYSTEM CONTROL NUMBER
System control number (BD-RjUL)12915
-- OCLC ocm03467854 from D971028M
040 ## - CATALOGING SOURCE
Original cataloging agency DLC
Transcribing agency GAT
Modifying agency BD-RjUL
Language of cataloging eng
041 ## - LANGUAGE CODE
Language code of text/sound track or separate title eng
082 04 - DEWEY DECIMAL CLASSIFICATION NUMBER
Edition number 19
Classification number 621.3192
Author mark and year STE 1948
100 1# - MAIN ENTRY--PERSONAL NAME
Personal name Starr, A. T.
Fuller form of name (Arthur Tisso).
9 (RLIN) 40085
245 10 - TITLE STATEMENT
Title Electric circuits and wave filters /
Statement of responsibility, etc. A. T. Starr.
250 ## - EDITION STATEMENT
Edition statement 2d ed.
260 ## - PUBLICATION, DISTRIBUTION, ETC. (IMPRINT)
Place of publication, distribution, etc. London :
Name of publisher, distributor, etc. Pitman,
Date of publication, distribution, etc. c1938 [reprint 1948].
300 ## - PHYSICAL DESCRIPTION
Pagination xii, 475 p. :
Illustrations illus. ;
Size 22 cm.
490 1# - SERIES STATEMENT
Series statement Specialists' series
504 ## - BIBLIOGRAPHY, ETC. NOTE
Bibliography, etc Include index.
650 #0 - SUBJECT ADDED ENTRY--TOPICAL TERM
Topical term or geographic name as entry element Electric circuits.
9 (RLIN) 40086
Topical term or geographic name as entry element Electric filters.
9 (RLIN) 39744
942 ## - ADDED ENTRY ELEMENTS (KOHA)
Source of classification or shelving scheme Dewey Decimal Classification
Koha item type Books
Holdings
Lost status Source of classification or shelving scheme Damaged status Not for loan Collection code Permanent Location Current Location Shelving location Date acquired Total Checkouts Full call number Date last seen Copy number Koha item type
  Dewey Decimal Classification   Not For Loan Non-fiction Central Library, University of Rajshahi Central Library, University of Rajshahi Reading Room 29/01/2014   621.3192 STE 1948 29/01/2014 C-1 Books